Holiday Quiz

Random Holiday or Carol Quiz

Portrait of a Legend: Santa Claus Quiz Stats

 Plays Quiz Updated Dec 11, 2017

Score 0/36 Timer 05:00
5 Plays Today
% Correct
Nicholas
95.9%
reindeer
92.7%
reindeer
92.7%
nice
92.5%
naughty
92.4%
elves
92.3%
North
92%
Pole
91.9%
tellin'
90.9%
town
90.9%
watch
90.3%
Rudolph
90.1%
coal
89.1%
cry
89.1%
nose
87.5%
chimney
87.1%
bright
87%
Dancer
86.5%
% Correct
Blitzen
85.9%
Prancer
85.2%
Donner
84.6%
Vixen
84.2%
say
83.6%
guide
81.8%
pout
81.6%
Dasher
81.5%
Cupid
81.2%
Comet
81.2%
foggy
80.2%
toys
79%
way
79%
fly
76.7%
child
67.3%
goodies
52.2%
Turkey
43.2%
spy
38.1%

You're not logged in!

Compare scores with friends on all Sporcle quizzes.
OR
Log In

You Might Also Like...

Show Comments

Extras

Top Quizzes Today


Score Distribution

Your Account Isn't Verified!

In order to create a playlist on Sporcle, you need to verify the email address you used during registration. Go to your Sporcle Settings to finish the process.

Report this User

Report this user for behavior that violates our Community Guidelines.

Details: